Movies Without a Character's Face II Quiz Stats

Quiz Updated Nov 10, 2014

Challenge
Share
Tweet
Score 0/30 Timer 12:00
4 Plays Today
% Correct
Home Alone
93.2%
Mrs. Doubtfire
80.7%
Ocean's Eleven
79.1%
Back to the Future
73.6%
Good Will Hunting
73.3%
Ferris Bueller's Day Off
69.9%
Ace Ventura: Pet Detective
62.6%
Se7en
59.3%
Saving Private Ryan
58.5%
Fight Club
51.4%
Clerks.
49.9%
The Fifth Element
49.4%
WarGames
49%
This Is Spinal Tap
48%
Rain Man
46.2%
% Correct
Die Hard
42.2%
There's Something About Mary
42.2%
Drive
38%
Billy Madison
31.7%
Kill Bill Vol. 2
30.5%
Independence Day
30%
Speed
28.1%
Pleasantville
27.5%
Inside Man
25.8%
Vertigo
23.3%
V for Vendetta
22.8%
A Beautiful Mind
21.8%
Clue
19.8%
Barton Fink
16.1%
Amélie
15.5%

You're not logged in!

Compare scores with friends on all Sporcle quizzes.
Join for Free
OR
Log In

You Might Also Like...

Show Comments

Extras

Top Quizzes Today


Score Distribution

Your Account Isn't Verified!

In order to create a playlist on Sporcle, you need to verify the email address you used during registration. Go to your Sporcle Settings to finish the process.

Report this User

Report this user for behavior that violates our Community Guidelines.

Details: